The gift of love / (Record no. 127704)
[ view plain ]
| 000 -LEADER | |
|---|---|
| fixed length control field | 00888cam a2200253 a 4500 |
| 001 - CONTROL NUMBER | |
| control field | 970490 |
| 003 - CONTROL NUMBER IDENTIFIER | |
| control field | ARRUPE |
| 005 - DATE AND TIME OF LATEST TRANSACTION | |
| control field | 20180320103449.0 |
| 008 - FIXED-LENGTH DATA ELEMENTS--GENERAL INFORMATION | |
| fixed length control field | 850826s1985 nyu 000 0 eng |
| 010 ## - LIBRARY OF CONGRESS CONTROL NUMBER | |
| LC control number | 85019655 |
| 020 ## - INTERNATIONAL STANDARD BOOK NUMBER | |
| International Standard Book Number | 0881410411 (pbk.) : |
| Terms of availability | $5.95 |
| 040 ## - CATALOGING SOURCE | |
| Original cataloging agency | DLC |
| Transcribing agency | DLC |
| Modifying agency | DLC |
| 050 00 - LIBRARY OF CONGRESS CALL NUMBER | |
| Classification number | BV4639 |
| Item number | .B465 1985 |
| 082 00 - DEWEY DECIMAL CLASSIFICATION NUMBER | |
| Classification number | 241/.4 |
| Edition number | 19 |
| 300 ## - PHYSICAL DESCRIPTION | |
| Dimensions | 22 cm. |
| 100 1# - MAIN ENTRY--PERSONAL NAME | |
| Personal name | Berzonsky, Vladimir, |
| Dates associated with a name | 1936- |
| 9 (RLIN) | 40760 |
| 245 14 - TITLE STATEMENT | |
| Title | The gift of love / |
| Statement of responsibility, etc | Vladimir Berzonsky. |
| 260 ## - PUBLICATION, DISTRIBUTION, ETC. (IMPRINT) | |
| Place of publication, distribution, etc | Crestwood, N.Y. : |
| Name of publisher, distributor, etc | St. Vladimir's Seminary Press, |
| Date of publication, distribution, etc | 1985. |
| 300 ## - PHYSICAL DESCRIPTION | |
| Extent | 181 p. ; |
| 630 00 - SUBJECT ADDED ENTRY--UNIFORM TITLE | |
| Uniform title | Bible. |
| Name of part/section of a work | Song of Solomon |
| General subdivision | Meditations. |
| 9 (RLIN) | 40761 |
| 630 00 - SUBJECT ADDED ENTRY--UNIFORM TITLE | |
| Uniform title | Bible. |
| Name of part/section of a work | Corinthians, 1st, XIII |
| General subdivision | Meditations. |
| 9 (RLIN) | 40762 |
| 650 #0 - SUBJECT ADDED ENTRY--TOPICAL TERM | |
| Topical term or geographic name as entry element | Love |
| General subdivision | Religious aspects |
| -- | Christianity |
| -- | Meditations. |
| 9 (RLIN) | 40763 |
| 650 #0 - SUBJECT ADDED ENTRY--TOPICAL TERM | |
| Topical term or geographic name as entry element | Spiritual life |
| General subdivision | Orthodox Eastern Church. |
| 9 (RLIN) | 14448 |
| 906 ## - LOCAL DATA ELEMENT F, LDF (RLIN) | |
| a | 7 |
| b | cbc |
| c | orignew |
| d | 1 |
| e | ocip |
| f | 19 |
| g | y-gencatlg |
| 942 ## - ADDED ENTRY ELEMENTS (KOHA) | |
| Source of classification or shelving scheme | Library of Congress Classification |
| Koha item type | Monograph ( Printed materials) |
| Withdrawn status | Lost status | Source of classification or shelving scheme | Damaged status | Not for loan | Collection code | Home library | Current library | Shelving location | Date acquired | Total Checkouts | Full call number | Barcode | Date last seen | Price effective from | Koha item type |
|---|---|---|---|---|---|---|---|---|---|---|---|---|---|---|---|
| Library of Congress Classification | Main Collection | ARRUPE LIBRARY | ARRUPE LIBRARY | Main Collection | 20/03/2018 | BV4639 .B465 1985 | 46600001437 | 20/03/2018 | 20/03/2018 | Monograph ( Printed materials) |